| 000 | 00850nam a2200229 a 4500 | ||
|---|---|---|---|
| 001 | 12927 | ||
| 003 | BD-JhCC | ||
| 005 | 20230605080523.0 | ||
| 008 | 230605s2021 b |||| |||| 000 0 b d | ||
| 020 | _a9789849104971 | ||
| 035 | _a(BD-JhCC)12927 | ||
| 040 |
_aBD-JhCC _dBD-JhCC |
||
| 041 | _aben | ||
| 082 |
_a297.74 _bALK 2021 |
||
| 100 | _aআল কারনি, শায়খ আয়েজ | ||
| 245 |
_aসমাধান / _cশায়খ আয়েজ আল কারনি; কাজী আবুল কালাম সিদ্দীকি (অনু.) |
||
| 260 |
_aঢাকা : _bঅর্পণ প্রকাশন, _c২০২১ |
||
| 300 |
_a৪৭০ পৃ. : _c২১ সেমি. |
||
| 650 |
_aDawah _xIslam |
||
| 700 | _aসিদ্দীকি, কাজী আবুল কালাম | ||
| 942 |
_2ddc _cBK |
||
| 999 |
_c12927 _d12927 |
||